000 00415cam a2200145 4500500
005 20260111102009.0
041 _afre
042 _adc
100 1 0 _aAmara, Fadéla
_eauthor
245 0 0 _aNi putes, ni soumises
260 _c2005.
500 _a55
786 0 _nEmpan | 57 | 1 | 2005-03-01 | p. 41-43 | 1152-3336
856 4 1 _uhttps://shs.cairn.info/revue-empan-2005-1-page-41?lang=fr&redirect-ssocas=7080
999 _c1629743
_d1629743